MDQL
is popping MORE tags! Check the
thread
!
Quizzes
Events
Quiz Creation
Community
Videos
Private Events
Remove Ads
Sign In
Join for FREE
Feedback
Dark Mode
Quiz Categories
Sports
Geography
Music
Movies
Television
Just For Fun
Miscellaneous
History
Literature
Language
Science
Gaming
Entertainment
Religion
Holiday
For Kids
Quiz Lab
Recent
Popular Today
Quiz Kudos Today
Editor Picks
Curator Picks
Quizzes by...
Day
Popularity
Type
Ratings
Length
Year
Community
Subscriptions
Recent Discussions
Orange Saloon
Badges
Playlists
Quests
Create
Leaderboards
Showdown
Live 5
Trivia Bingo
Activity
Puzzle Library
Sporcle Events
Private Events
Virtual Trivia
Globe League
Become a Host
Pub Owners
SporcleCon
Opinionation
Our Games
Videos
Blog
Mobile Apps
Partnerships
Remove Ads and Go Orange
Feedback
Geography
Country
Landmarks
City
State
Population
World
Capital
Continent
Flags
Europe
Africa
Asia
South America
North America
Oceania
Border
Canada
United Kingdom
Topography
United States
Geography
Country
Landmarks
City
State
Population
World
Capital
Continent
Flags
Europe
Africa
Asia
South America
North America
Oceania
Border
Canada
United Kingdom
Topography
United States
Random Quiz
Search Sporcle
×
Quiz Lab
Quiz Lab
Geography
gate
Type in answers that appear in a list
Type in answers that appear in a list
Classic
Best Score? Go Orange.
'Gates' in York Stats
Can you name the 'Gates' of York?
By
orkneytime
10m
25 Questions
18 Plays
18 Plays
18 Plays
Comments
Comments
Give Quiz Kudos
Give Quiz Kudos
-
- Ratings
hide this ad
Replay
Link that replays current quiz
Next Quiz
Link to next quiz in quiz playlist
You Got
0%
They Got
Avg Score
36%
Avg Friend Score
Upgrade to see
Score Distribution
Jump to the score distribution portion of the page
Score
0/25
Timer
10:00
0
Plays Today
Hint
Answer
% Correct
Think 'tickle'
Micklegate
83.3%
The UK's shortest street
Whip-ma-Whop-ma-gate
61.1%
You might 'warm' to it...
Walmgate
61.1%
Don't get into a 'habit'!
Monkgate
55.6%
Is this a hard G? I'm not sure...
Gillygate
50%
A male name
Petergate
44.4%
A female name
Marygate
44.4%
'Wire' station
Coppergate
44.4%
The river's gate
Ousegate
44.4%
Think 'sparrow'
Spurriergate
38.9%
Next to Camerony's Gate
Davygate
38.9%
Fortification station
Castlegate
38.9%
Oink!
Swinegate
38.9%
Hint
Answer
% Correct
Attila's Gate
Hungate
38.9%
Think 'cauliflower'
Colliergate
33.3%
Between a rock and a hard place?
Stonegate
33.3%
Some good whisky
Goodramgate
33.3%
_
and wiser
Skeldergate
22.2%
Think 'blubber'
Jubbergate
22.2%
A saint
St. Andrewgate
16.7%
Another saint
St. Saviourgate
16.7%
More monk-
y business
Friargate
16.7%
A place for crooks
Bishopgate
11.1%
The Viking word for 'promontory'
Nessgate
11.1%
It starts with an F
Feasegate
11.1%
Quiz Playlist
Details
Report
Send in Message
Add To Playlist
Classic:
Type in answers that appear in a list
Last Updated: Feb 16, 2017
Quiz Scoreboard
CHALLENGE
Sign Up to Join the Scoreboard
Show All
Scores
Hide
Comments
May contain spoilers
Recently Published
Image Sorting: Flags VI
by Barbecue
Geography
2m
Find the 'City' Movie
by crazypaving
Movies
60s
Colored Red Africa Blitz
by spor1
Geography
45s
More to Explore
Quiz From the Vault
Featured Blog Post
14 Easter Pick-up Lines to Find Eggs With
hide this ad
You Might Also Like...
Tags
gate
Today's Top Quizzes in Geography
Browse Geography
hide this ad
Today's Top Quizzes in gate
Browse gate
Top Contributed Quizzes in Geography
1
Colored Red Europe Blitz I
2
Countries of the World - No Outlines Minefield
3
Colored Red Africa Blitz II
4
Colored Red Europe Blitz II
5
Colored Red Europe Blitz III
6
Colored Red Africa Blitz III
7
Colored Red States Blitz I
8
A Different View: World Oceans
9
Colored Red States Blitz II
10
Colored Red States Blitz III
Explore More
Trending Topics
Harry Potter
Crossword
Anime
Disney
Kpop
NBA
Marvel
NFL
Puzzle
Soccer
The Office
WWE
Pokémon
Song
Country
hide this ad
More By:
orkneytime
Quiz
Plays
Rating
Category
Featured
Created
Name the fizzy drinks (UK)
880
5.00
Just For Fun
Oct 5, 2016
Towns in Northumberland
316
4.75
Geography
Sep 16, 2017
Every town and city in Yorkshire and the Humber
314
5.00
Geography
Dec 21, 2016
Mark Steel's in Town destinations
277
5.00
Geography
Oct 5, 2016
Edinburgh Rugby squads
225
5.00
Sports
Jan 19, 2019
Go to Creator's Profile
Score Distribution
Quiz Creator Spotlight
orkneytime
Follow
Send a Message
Quizzes Created
-
Created Quiz Play Count
-
More By This Creator
Popular Quizzes Today
1
Colored Red Africa Blitz
2
Find the US States - No Outlines Minefield
3
Find the 'City' Movie
4
5x2 Blitz: Bands
5
The Countries of the World
6
Find the US States
7
Find the Countries of Europe - No Outlines Minefield
8
US States
More Geography Quizzes
Closest to Everywhere in the US
Published
Trending Quizzes
Colored Red Europe Blitz I
Colored Red Europe Blitz II
Colored Red Africa Blitz II
Colored Red Europe Blitz III
Colored Red Africa Blitz III
Recently Updated
How Do You Spell That?
pecheneg
Godzilla Movies
pecheneg
Grab Bag: 4-10 Letters
pecheneg
2024 March Madness Bracket
pecheneg
Famous TV Couples
Peacemaker
Champions League XIs: Real Madrid
pecheneg
Largest US Cities 1790-2010
pecheneg
Rides in Walt Disney World
pecheneg
Most Oscar Losses (Acting)
pecheneg
Beyoncé Albums
pecheneg
Trending Topics
NBA
Anime
Marvel
Disney
Crossword
Kpop
Harry Potter
NFL
Pokémon
Song
The Office
WWE
Puzzle
Soccer
Country
Your Account Isn't Verified!
In order to create a playlist on Sporcle, you need to verify the email address you used during registration. Go to your
Sporcle Settings
to finish the process.
Report this User
Report this user for behavior that violates our
Community Guidelines
.
Details:
Send Report
Go to the Sporcle.com Mobile Site →
Comments